000 00656nam a22002177a 4500
003 UA-OsUOA
001 78413
007 ta
008 20111011b un ||||| |||| 00| 0 ukr d
100 _aЧечуліна О.
090 _a657
_bЧ-57
942 _cSA
040 _aUA-OsUOA
_bukr
_cUA-OsUOA
_dUA-OsUOA
245 _aЄвропейський досвід внутрішнього аудиту
300 _aС.6-12
955 _a0
041 _aukr
080 _a657
773 0 _w78411
_tФінансовий контроль
_dК.
_d2011
_g7
650 7 _a657 Бухгалтерія. Бухгалтерський облік. Рахівництво
_2UDC
999 _c364725
_d364725